000 00686nam a22002177a 4500
003 koha_MIRAKIL
005 20260416111839.0
008 260416b tur||||| |||| 00| 0 tur d
020 _a9786056797279
040 _aTR-IsEVY
_btur
_cTR-IsEVY
082 _aFIC BAH/K
100 _aBahar, Burcu
245 0 _aKitap Tırtılı /
_cBurcu Bahar ; resimleyen AYşe Seda Denizer.
250 _a5. bs.
260 _aİstanbul :
_bNiva Kids,
_c2022.
300 _a16 s. :
_brenkli resimli ;
_c24X21 cm.
490 0 _aLezzetli Hikayeler Serisi ; 4.
650 _aÇocuk Edebiyatı.
_vÇocuk Hikayeleri.
_vResimli Kitaplar.
700 1 _aDenizer, Ayşe Seda.
_cresimleyen.
942 _2ddc
_cBK
999 _c23509
_d23509